Statistics for NBA Leaders 2012-2022

Click here to take the quiz!

General Stats

  • This quiz has been taken 84 times
  • The average score is 55 of 60

Answer Stats

YearTeamStatStat TotalPlayer% Correct
2021-2022Milwaukee BucksPoints Per Game31.7Giannis Antetokounmpo
100%
2019-2020Los Angeles LakersAssists10.2Lebron James
100%
2021-2022Miami HeatSteals Per Game2.2Jimmy Butler
98%
2020-2021Miami HeatSteals Per Game2.1Jimmy Butler
98%
2013-2014Golden State Warriors3-Pointers Made Per Game3.3Stephen Curry
98%
2015-2016Golden State Warriors3-Pointers Made Per Game5.1Stephen Curry
98%
2016-2017Golden State Warriors3-Pointers Made Per Game4.1Stephen Curry
98%
2017-2018Golden State Warriors3-Pointers Made Per Game4.2Stephen Curry
98%
2018-2019Golden State Warriors3-Pointers Made Per Game5.1Stephen Curry
98%
2020-2021Golden State Warriors3-Pointers Made Per Game5.3Stephen Curry
98%
2012-2013Golden State Warriors3-Pointers Made Per Game3.5Stephen Curry
98%
2020-2021Golden State WarriorsPoints Per Game32.0Stephen Curry
98%
2015-2016Golden State WarriorsSteals Per Game2.1Stephen Curry
98%
2014-2015Golden State Warriors3-Pointers Made Per Game3.6Stephen Curry
98%
2015-2016Golden State WarriorsPoints Per Game30.1Stephen Curry
98%
2016-2017Houston RocketsAssists11.2James Harden
97%
2019-2020Houston Rockets3-Pointers Made Per Game4.4James Harden
97%
2017-2018Houston RocketsPoints Per Game30.4James Harden
97%
2018-2019Houston RocketsPoints Per Game36.1James Harden
97%
2019-2020Houston RocketsPoints Per Game34.3James Harden
97%
2021-2022Memphis GrizzliesAssists9.8Ja Morant
97%
2018-2019Oklahoma City ThunderAssists10.7Russell Westbrook
97%
2020-2021Washington WizardsAssists11.7Russell Westbrook
97%
2014-2015Oklahoma City ThunderPoints Per Game28.1Russell Westbrook
97%
2016-2017Oklahoma City ThunderPoints Per Game31.6Russell Westbrook
97%
2017-2018Oklahoma City ThunderAssists10.3Russell Westbrook
97%
2013-2014Oklahoma City ThunderPoints Per Game32.0Kevin Durant
95%
2013-2014Los Angeles ClippersSteals Per Game2.5Chris Paul
94%
2012-2013Los Angeles ClippersSteals Per Game2.4Chris Paul
94%
2014-2015Los Angeles ClippersAssists10.2Chris Paul
94%
2013-2014Los Angeles ClippersAssists10.7Chris Paul
94%
2020-2021Atlanta HawksRebounds Per Game14.3Clint Capela
94%
2016-2017Golden State WarriorsSteals Per Game2.0Draymond Green
94%
2019-2020Detroit Pistons/ Cleveland CavaliersRebounds Per Game15.2Andre Drummond
91%
2018-2019Detroit PistonsRebounds Per Game15.6Andre Drummond
91%
2017-2018Detroit PistonsRebounds Per Game16.0Andre Drummond
91%
2015-2016Detroit PistonsRebounds Per Game14.8Andre Drummond
91%
2021-2022New Orleans PelicansRebounds Per Game14.3Jonas Valanciunas
89%
2016-2017Utah JazzBlocks Per Game2.6Rudy Gobert
89%
2013-2014New Orleans PelicansBlocks Per Game2.8Anthony Davis
88%
2014-2015New Orleans PelicansBlocks Per Game2.9Anthony Davis
88%
2017-2018New Orleans PelicansBlocks Per Game2.6Anthony Davis
88%
2012-2013New York KnicksPoints Per Game28.7Carmelo Anthony
86%
2014-2015Los Angeles ClippersRebounds Per Game15.0DeAndre Jordan
86%
2013-2014Los Angeles ClippersRebounds Per Game13.6DeAndre Jordan
86%
2021-2022Memphis GrizziliesBlocks Per Game2.5Jaren Jackson Jr.
86%
2014-2015San Antonio SpursSteals Per Game2.3Kawhi Leonard
86%
2018-2019Indiana PacersBlocks Per Game2.7Myles Turner
86%
2020-2021Indiana PacersBlocks Per Game3.4Myles Turner
86%
2012-2013Boston CelticsAssists11.1Rajon Rondo
86%
2015-2016Sacramento KingsAssists11.7Rajon Rondo
86%
2021-2022Minnesota TimberWolves3-Pointers Made Per Game3.8Anthony Edwards
85%
2019-2020Philadelphia 76ersSteals Per Game2.1Ben Simmons
79%
2012-2013Chicago BullsRebounds Per Game11.1Joakim Noah
77%
2012-2013Oklahoma City ThunderBlocks Per Game3.0Serge Ibaka
74%
2018-2019Oklahoma City ThunderSteals Per Game2.2Paul George
73%
2016-2017Miami HeatRebounds Per Game14.1Hassan Whiteside
70%
2015-2016Miami HeatBlocks Per Game3.7Hassan Whiteside
70%
2019-2020Portland TrailblazersBlocks Per Game2.9Hassan Whiteside
70%
2017-2018Indiana PacersSteals Per Game2.4Victor Oladipo
64%

Score Distribution

Percentile by Number Answered

Percent of People with Each Score

Your Score History

You have not taken this quiz